Statistics for Fire Emblem Playable Characters - C

Click here to take the quiz!

General Stats

  • This quiz has been taken 17 times
  • The average score is 36 of 53

Answer Stats

Answer% Correct
Caeda
100%
Cecil
100%
Cecilia
100%
Celica
100%
Chrom
100%
Clair
100%
Clive
100%
Conrad
100%
Cord
100%
Corrin (F)
100%
Corrin (M)
100%
Cain (SD)
80%
Cain (Thracia)
80%
Camilla
80%
Cath
80%
Charlot
80%
Charlotte
80%
Cherche
80%
Chloé
80%
Clanne
80%
Claud
80%
Claude
80%
Cordelia
80%
Cormag
80%
Caeldori
60%
Caellach
60%
Calill
60%
Camus
60%
Canas
60%
Candace
60%
Caspar
60%
Castor
60%
Catherine
60%
Catria
60%
Ced
60%
Céline
60%
Chad
60%
Citrinne
60%
Clarine
60%
Constance
60%
Cynthia
60%
Caesar
40%
Caineghis
40%
Carrion
40%
Cervantes
40%
Chulainn
40%
Clarisse
40%
Coirpre
40%
Colm
40%
Conomor
40%
Cornelia
40%
Creidne
40%
Cyril
40%

Score Distribution

Percentile by Number Answered

Percent of People with Each Score

Your Score History

You have not taken this quiz